[Event "NED-ch56 sf"]
[Site "Leeuwarden"]
[Date "2001.02.11"]
[Round "1.2"]
[White "Blokhuis, Jeroen"]
[Black "Hommeles, Theo"]
[Result "1-0"]
[WhiteElo "2305"]
[BlackElo "2422"]
[PlyCount "119"]
[EventDate "2001.02.10"]
[EventType "k.o."]
[EventRounds "3"]
[EventCountry "NED"]
[SourceTitle "CBM 080 Extra"]
[Source "ChessBase"]
[SourceDate "2001.03.08"]
[SourceVersion "1"]
[SourceVersionDate "2001.03.08"]
[SourceQuality "1"]

1. e4 g6 2. d4 Bg7 3. Nc3 c6 4. Be3 b5 5. Bd3 d6 6. Qd2 Nd7 7. Nf3 Qc7 8. Ne2 Qb8 9. 0-0 Ngf6 10. Bh6 0-0 11. Ng3 Re8 12. Bxg7 Kxg7 13. Qg5 Ng8 14. Nf5+ Kf8 15. Nh6 Ndf6 16. e5 Kg7 17. Nxg8 Nxg8 18. Rae1 Be6 19. Qh4 f6 20. Re2 Qc8 21. Rfe1 Qd7 22. Qg3 f5 23. d5 Bxd5 24. e6 Qc8 25. Nh4 Be4 26. Bxe4 fxe4 27. Rxe4 Rf8 28. Qc3+ Nf6 29. Rg4 Qe8 30. Nf5+ Kh8 31. Nh6 a5 32. b3 b4 33. Qb2 Rb8 34. Nf7+ Kg7 35. Rf4 h6 36. Qc1 Rxf7 37. exf7 Qxf7 38. c4 e5 39. Rh4 g5 40. Rh3 Re8 41. a3 d5 42. cxd5 cxd5 43. axb4 axb4 44. Qc5 Qe7 45. Qb6 d4 46. Rc1 g4 47. Rg3 Rd8 48. h3 h5 49. hxg4 hxg4 50. Rd3 Nd5 51. Qa5 Nc3 52. Re1 Rd5 53. Qb6 Qc5 54. Qe6 Qd6 55. Qxg4+ Qg6 56. Qh3 e4 57. Rg3 Rg5 58. Qd7+ Kh6 59. Rxg5 Qxg5 60. Qxd4 1-0

[Event "Lost Boys op"]
[Site "Amsterdam"]
[Date "2000.??.??"]
[Round "?"]
[White "Blokhuis, Jeroen"]
[Black "Ravi, Thandalam Shanmugam"]
[Result "0-1"]
[WhiteElo "2240"]
[BlackElo "2385"]
[PlyCount "184"]
[EventDate "2000.08.05"]
[EventType "swiss"]
[EventRounds "9"]
[EventCountry "NED"]
[SourceTitle "EXT 2002"]
[Source "ChessBase"]
[SourceDate "2001.11.25"]
[SourceVersion "1"]
[SourceVersionDate "2001.11.25"]
[SourceQuality "1"]

1. e4 c6 2. d4 d5 3. exd5 cxd5 4. Bd3 Nc6 5. c3 Qc7 6. Ne2 Bg4 7. f3 Bd7 8. Bf4 Qb6 9. Qb3 Qxb3 10. axb3 a6 11. Nd2 e6 12. b4 Na7 13. Nb3 Bb5 14. Bc2 0-0-0 15. Nec1 Bd6 16. Bxd6 Rxd6 17. Kf2 b6 18. Nd3 Rd7 19. Ra2 Rc7 20. Ne5 Kb7 21. Bd3 f6 22. Bxb5 Nxb5 23. Nd3 Nh6 24. Re1 Re8 25. Raa1 Nf7 26. Re2 Nfd6 27. Nd2 Rce7 28. Rae1 Nc7 29. g4 Nf7 30. Nf1 e5 31. Ng3 g6 32. h4 Kc6 33. g5 fxg5 34. hxg5 Kd6 35. dxe5+ Nxe5 36. Nxe5 Rxe5 37. f4 Rxe2+ 38. Nxe2 Rf8 39. Kg3 Ne6 40. Rd1 Rc8 41. Rh1 Rc7 42. Kg4 Ra7 43. Rd1 Rc7 44. Ra1 Ra7 45. Ng3 a5 46. f5 Nd8 47. f6 Nc6 48. bxa5 Rxa5 49. Rh1 Ne5+ 50. Kf4 Ra4+ 51. Ke3 Rg4 52. Ne2 Rxg5 53. Rxh7 Rf5 54. Nd4 Rxf6 55. Rb7 Nd7 56. b4 Rf7 57. Ra7 g5 58. Ra8 Rf8 59. Ra1 g4 60. Rg1 Ne5 61. Nb5+ Kd7 62. Rg3 Rf7 63. Nd4 Nc4+ 64. Ke2 Rg7 65. Nc2 Kd6 66. Kf2 Nd2 67. Rd3 Ne4+ 68. Kg2 Rc7 69. Nd4 Ke5 70. Ne2 Rf7 71. Nd4 Rf2+ 72. Kg1 Rf6 73. b5 Kd6 74. Re3 Kc5 75. Ne2 Kxb5 76. Rd3 Kc5 77. Ng3 Nxg3 78. Rxg3 Rf4 79. Re3 Rf3 80. Re8 Rxc3 81. Rc8+ Kd4 82. Rg8 g3 83. Kf1 b5 84. Ke2 Rc2+ 85. Kd1 Rg2 86. Ke1 b4 87. Kf1 Rf2+ 88. Ke1 Rf3 89. Rg4+ Ke5 90. Ke2 Ra3 91. Kd1 g2 92. Ke2 Ra1 0-1